ბათუმის შოთა რუსთაველის სახელმწიფო უნივერსიტეტის ბიბლიოთეკა

ლათინური ენა და სამედიცინო ტერმინოლოგიის საფუძვლები / (ბიბ.ჩანაწერი № 57775)

000 -ლიდერი
ფიქსირებული სიგრძის საკონტროლო ველი 01054nam a22002057a 4500
003 - საკონტროლო ნომრის იდენტიფიკატორი
საკონტროლო ველი Ge_BSU
005 - ბოლო ოპერაციის თარიღი და დრო
საკონტროლო ველი 20201124141354.0
008 - ფიქსირებული სიგრძის მონაცემთა ელემენტები - ზოგადი ინფორმაცია
ფიქსირებული სიგრძის საკონტროლო ველი 201124s1994 ge ||||| |||| 00| 0 geo d
041 ## - ენის კოდი
Language code of text/sound track or separate title geo
080 ## - უნივერსალური ათობითი კლასიფიკაციის ინდექსი
Universal Decimal Classification number 811.124+61(014) გ-24
100 ## - მთავარი ჩანაწერი - პიროვნების სახელი
Personal name გაფრინდაშვილი, ნოდარ
9 (RLIN) 9753
245 ## - ცნობა სათაურის შესახებ
Title ლათინური ენა და სამედიცინო ტერმინოლოგიის საფუძვლები /
Statement of responsibility, etc ნოდარ გაფრინდაშვილი, ია კახიანი; [რედ.: ზურაბ კაციტაძე].
264 ## - წარმოების, გამოცემის, დისტრიბუციის და სხვა ცნობები
გამოცემის, წარმოების, დისტრიბუციის... ადგილი ქუთაისი :
გამოცემის, წარმოების, დისტრიბუციის... სახელწოდება მედიცინა,
გამოცემის, წარმოების, დისტრიბუციის... თარიღი 1994.
300 ## - ფიზიკური აღწერა
Extent 211 გვ. ;
Other physical details 20 სმ.
653 ## - INDEX TERM--UNCONTROLLED
Uncontrolled term ლათინური ენა
653 ## - INDEX TERM--UNCONTROLLED
Uncontrolled term სამედიცინო ტერმინოლოგია
700 ## - ADDED ENTRY--PERSONAL NAME
Personal name კახიანი, ია
Relator term რედაქტორი
9 (RLIN) 9754
700 ## - ADDED ENTRY--PERSONAL NAME
Personal name კაციტაძე, ზურაბ
Relator term რედაქტორი
9 (RLIN) 9755
942 ## - ADDED ENTRY ELEMENTS (KOHA)
Source of classification or shelving scheme
Koha item type წიგნი
ეგზემპლარები
ჩამოწერის სტატუსი დაკარგული ეგზემპლარის სტატუსი კლასიფიკაციის წყარო ან თაროზე გაწყობის სქემა დაზიანების სტატუსი არ გაიცემა მუდმივი მდებარეობა (დაცვის ადგილი) ამჟამინდელი ადგილსამყოფელი თაროზე განთავსების ადგილი შეძენის თარიღი ღირებულება, შესყიდვის ნორმალური ფასი სრული შენახვის შიფრი შტრიხკოდი ბოლო ოპერაციის თარიღი ეგზემპლარის მიმდევრობითი ნომერი (კეტერი?) ფასის ძალაში შესვლის თარიღი ეგზემპლარის სახეობა საჯარო შენიშვნა
          ბათუმის შოთა რუსთაველის სახელმწიფო უნივერსიტეტის მთავარი ბიბლიოთეკა ბათუმის შოთა რუსთაველის სახელმწიფო უნივერსიტეტის მთავარი ბიბლიოთეკა წიგნსაცავი 2020-11-24 6.00 811.124+61(014) გ-24 29203 2020-11-24 29203 2020-11-24 წიგნი 6 ლ.